000
00222nam a22000857a 4500
008
170612b xxu||||| |||| 00| 0 eng d
100
_9
3359
_a
Wanchoo. I. T
245
_a
History our parts - 1
260
_a
New Delhi
_b
G. B. P[
_c
2009
999
_c
6697
_d
6697